[Event "FIN-chT 0506"]
[Site "Finland"]
[Date "2005.11.12"]
[Round "5.7"]
[White "Pukkila, Markku"]
[Black "Vihinen, Teemu"]
[Result "1/2-1/2"]
[WhiteElo "2204"]
[BlackElo "2205"]
[PlyCount "119"]
[EventDate "2005.09.10"]
[EventType "team-tourn"]
[EventRounds "9"]
[EventCountry "FIN"]
[SourceTitle "EXT 2022"]
[Source "ChessBase"]
[SourceDate "2021.10.06"]
[SourceVersion "1"]
[SourceVersionDate "2021.10.06"]
[SourceQuality "1"]
[WhiteTeam "Espoo MatSK"]
[BlackTeam "Vantaa EtVaS"]
[WhiteTeamCountry "FIN"]
[BlackTeamCountry "FIN"]

1. e4 e6 2. d4 d5 3. Nd2 Nf6 4. e5 Nfd7 5. Bd3 c5 6. c3 Nc6 7. Ne2 cxd4 8. cxd4 f6 9. exf6 Nxf6 10. Nf3 Bd6 11. 0-0 Qc7 12. Bg5 0-0 13. Bh4 g6 14. Rc1 Nh5 15. Bg5 Qg7 16. Qd2 Rf7 17. Bh6 Qf6 18. Bg5 Qg7 19. Bb1 Bd7 20. a3 Re8 21. b4 a6 22. Bh6 Qf6 23. Bg5 Qh8 24. Ba2 Bb8 25. Rc3 Nf6 26. Bb1 Ne4 27. Bxe4 dxe4 28. Ne1 e5 29. d5 Nd4 30. Nc2 Bb5 31. Re1 Nxe2+ 32. Rxe2 Bxe2 33. Qxe2 Ba7 34. Ne3 Bd4 35. Rc2 h6 36. Bh4 g5 37. Bg3 Qf6 38. Ng4 Qg6 39. h4 h5 40. Ne3 g4 41. b5 Qb6 42. Nc4 Qg6 43. Ne3 Ref8 44. bxa6 bxa6 45. Rc6 Rf6 46. Qxa6 Rxc6 47. dxc6 Qe6 48. Qb5 Bxe3 49. fxe3 Rc8 50. Qxe5 Qxe5 51. Bxe5 Rxc6 52. Kf2 Kf7 53. Kg3 Ke6 54. Kf4 Rc2 55. g3 Rf2+ 56. Kxe4 Ra2 57. Bd4 Rxa3 58. Kf4 Ra5 59. Ke4 Rf5 60. Ba7 1/2-1/2

[Event "FIN-chT 0506"]
[Site "Finland"]
[Date "2005.10.09"]
[Round "4.7"]
[White "Fieandt, John"]
[Black "Pukkila, Markku"]
[Result "1-0"]
[WhiteElo "2161"]
[BlackElo "2204"]
[PlyCount "119"]
[EventDate "2005.09.10"]
[EventType "team-tourn"]
[EventRounds "9"]
[EventCountry "FIN"]
[SourceTitle "EXT 2022"]
[Source "ChessBase"]
[SourceDate "2021.10.06"]
[SourceVersion "1"]
[SourceVersionDate "2021.10.06"]
[SourceQuality "1"]
[WhiteTeam "Helsinki HSK"]
[BlackTeam "Espoo MatSK"]
[WhiteTeamCountry "FIN"]
[BlackTeamCountry "FIN"]

1. d4 d5 2. Nf3 Nf6 3. c4 dxc4 4. e3 e6 5. Bxc4 c5 6. 0-0 a6 7. Bb3 Nc6 8. Qe2 cxd4 9. Rd1 Be7 10. exd4 0-0 11. Nc3 Nd5 12. Be3 b5 13. Nxd5 exd5 14. Ne5 Na5 15. Bd2 Nxb3 16. Nc6 Nxd4 17. Nxe7+ Kh8 18. Qe5 Be6 19. Qxd4 Qxe7 20. Bb4 Qg5 21. Bxf8 Rxf8 22. Rac1 h5 23. h4 Qe7 24. Re1 Kg8 25. Rc6 Ra8 26. Rc5 Qd8 27. Re3 g6 28. a3 Kh7 29. b4 Qh8 30. Qf4 Ra7 31. Rc7 Rxc7 32. Qxc7 Qa1+ 33. Kh2 Qf6 34. Qg3 d4 35. Re4 Bf5 36. Qe5 Qxe5+ 37. Rxe5 Bc2 38. Rd5 d3 39. Kg3 Kg7 40. Kf4 Kf6 41. Ke3 Ke6 42. Rd8 Ke7 43. Ra8 d2 44. Ra7+ Ke6 45. Kxd2 Be4 46. Rxa6+ Ke5 47. f3 Bd5 48. Ke3 Bc4 49. Rc6 Bf1 50. Rc5+ Kd6 51. g3 Ke6 52. Rc1 Bh3 53. Kd4 Kd6 54. Rc5 Bf1 55. g4 hxg4 56. fxg4 Ke6 57. h5 gxh5 58. Re5+ Kd6 59. gxh5 f6 60. Rf5 1-0

[Event "Vantaa We EtVaS"]
[Site "Vantaa"]
[Date "2005.04.17"]
[Round "5"]
[White "Pukkila, Markku"]
[Black "Pudas, Teemu"]
[Result "1-0"]
[WhiteElo "2176"]
[BlackElo "2141"]
[PlyCount "35"]
[EventDate "2005.04.16"]
[EventType "swiss"]
[EventRounds "5"]
[EventCountry "FIN"]
[SourceTitle "EXT 2022"]
[Source "ChessBase"]
[SourceDate "2021.10.06"]
[SourceVersion "1"]
[SourceVersionDate "2021.10.06"]
[SourceQuality "1"]

1. c4 Nf6 2. Nc3 g6 3. g3 Bg7 4. Bg2 0-0 5. Nf3 Nc6 6. 0-0 d6 7. d3 e5 8. Rb1 a5 9. Bg5 h6 10. Bd2 Nh5 11. Nh4 g5 12. e4 Nxg3 13. fxg3 gxh4 14. Qh5 hxg3 15. Bxh6 gxh2+ 16. Kxh2 Ne7 17. Nd5 Ng6 18. Bg5 1-0

[Event "Rilton Cup 34th"]
[Site "Stockholm"]
[Date "2005.01.05"]
[Round "9"]
[White "McGowan, Daniel"]
[Black "Pukkila, Markku"]
[Result "1/2-1/2"]
[WhiteElo "2098"]
[BlackElo "2181"]
[PlyCount "34"]
[EventDate "2004.12.27"]
[EventType "swiss"]
[EventRounds "9"]
[EventCountry "SWE"]
[SourceTitle "CBM 104 Extra"]
[Source "ChessBase"]
[SourceDate "2005.03.01"]
[SourceVersion "1"]
[SourceVersionDate "2005.03.01"]
[SourceQuality "1"]

1. d4 d5 2. Nf3 Nf6 3. e3 Bf5 4. Bd3 Bxd3 5. Qxd3 c6 6. b3 e6 7. Bb2 Be7 8. Nbd2 0-0 9. 0-0 Nbd7 10. e4 dxe4 11. Nxe4 c5 12. Rfd1 Qc7 13. c4 cxd4 14. Bxd4 Rfd8 15. Qe2 Qf4 16. Nxf6+ Bxf6 17. Bxf6 Nxf6 1/2-1/2

[Event "Rilton Cup 34th"]
[Site "Stockholm"]
[Date "2004.12.29"]
[Round "3"]
[White "Pukkila, Markku"]
[Black "Lindberg, Bo"]
[Result "0-1"]
[WhiteElo "2181"]
[BlackElo "2326"]
[PlyCount "116"]
[EventDate "2004.12.27"]
[EventType "swiss"]
[EventRounds "9"]
[EventCountry "SWE"]
[SourceTitle "CBM 104 Extra"]
[Source "ChessBase"]
[SourceDate "2005.03.01"]
[SourceVersion "1"]
[SourceVersionDate "2005.03.01"]
[SourceQuality "1"]

1. e4 Nc6 2. d4 e5 3. d5 Nce7 4. c4 Ng6 5. Nf3 Nf6 6. Bd3 Bc5 7. 0-0 d6 8. b4 Bb6 9. Bb2 Qe7 10. Nbd2 a5 11. a3 Bg4 12. Qc2 Nd7 13. h3 h5 14. Rfc1 Nf4 15. Bf1 Qf6 16. c5 dxc5 17. bxc5 Bxc5 18. Bxe5 Nxe5 19. Qxc5 Nxh3+ 20. gxh3 Nxf3+ 21. Nxf3 Bxf3 22. Bb5+ c6 23. dxc6 Qg6+ 24. Kf1 Bg2+ 25. Ke1 Qxe4+ 26. Qe3 Qxe3+ 27. fxe3 bxc6 28. Bxc6+ Bxc6 29. Rxc6 0-0 30. Rc5 Rfe8 31. Ke2 Re4 32. Kf3 Rae8 33. Re1 Ra4 34. Rc3 Rh4 35. Kg3 Rhe4 36. Kf3 g6 37. Rb1 Kg7 38. Rb5 Ra4 39. Rb7 Re5 40. Rbc7 Rf5+ 41. Kg3 Rg5+ 42. Kf2 Rf5+ 43. Kg3 h4+ 44. Kg2 Rg5+ 45. Kf2 Rg3 46. Rd7 Rxh3 47. Rcc7 g5 48. Rxf7+ Kg6 49. Rg7+ Kh5 50. Rc3 Rh2+ 51. Kg1 Ra2 52. Rc5 Rg4+ 53. Kf1 Rxa3 54. Rc8 Rg3 55. Rh8+ Kg4 56. Rhg8 Raxe3 57. Rxg5+ Kh3 58. Kf2 Rgf3+ 0-1

[Event "Rilton Cup 34th"]
[Site "Stockholm"]
[Date "2004.12.28"]
[Round "2"]
[White "Couso, Luis"]
[Black "Pukkila, Markku"]
[Result "1-0"]
[WhiteElo "2339"]
[BlackElo "2181"]
[PlyCount "97"]
[EventDate "2004.12.27"]
[EventType "swiss"]
[EventRounds "9"]
[EventCountry "SWE"]
[SourceTitle "CBM 104 Extra"]
[Source "ChessBase"]
[SourceDate "2005.03.01"]
[SourceVersion "1"]
[SourceVersionDate "2005.03.01"]
[SourceQuality "1"]

1. e4 c5 2. Nf3 d6 3. Nc3 Nf6 4. d4 cxd4 5. Nxd4 a6 6. Be2 e5 7. Nb3 Be7 8. 0-0 0-0 9. Kh1 Be6 10. f4 exf4 11. Bxf4 Nc6 12. Bf3 Ne5 13. Nd5 Nfd7 14. Nxe7+ Qxe7 15. Nd4 Rac8 16. b3 Nxf3 17. Nxf3 Ne5 18. Nxe5 dxe5 19. Bxe5 Rfd8 20. Bd4 b5 21. c3 Rxc3 22. Bxc3 Rxd1 23. Raxd1 h6 24. Rd3 f6 25. e5 f5 26. Rd6 Qc7 27. Rxe6 Qxc3 28. Rxa6 Qxe5 29. Ra8+ Kh7 30. Rf8 g6 31. Rf7+ Kg8 32. Rd7 b4 33. Rc1 Qb8 34. Rcc7 Qf8 35. Kg1 f4 36. Kf2 g5 37. h3 h5 38. Kf3 Qe8 39. Re7 Qf8 40. Rb7 Qa8 41. h4 Kf8 42. Rf7+ Kg8 43. Rfd7 gxh4 44. Kxf4 Qf8+ 45. Ke4 Qe8+ 46. Kd4 h3 47. gxh3 h4 48. Rg7+ Kf8 49. Rbf7+ 1-0

[Event "Olympiad-36"]
[Site "Mallorca"]
[Date "2004.10.16"]
[Round "2"]
[White "Pukkila, Markku"]
[Black "Cueto Chajtur, Johny"]
[Result "0-1"]
[WhiteElo "2181"]
[BlackElo "2306"]
[PlyCount "88"]
[EventDate "2004.10.15"]
[EventType "team-swiss"]
[EventRounds "14"]
[EventCountry "ESP"]
[SourceTitle "CBM 104"]
[Source "ChessBase"]
[SourceDate "2005.01.27"]
[SourceVersion "1"]
[SourceVersionDate "2005.01.27"]
[SourceQuality "1"]
[WhiteTeam "IPCA"]
[BlackTeam "Bolivia"]
[BlackTeamCountry "BOL"]

1. e4 e5 2. Nf3 d6 3. d4 Nf6 4. Nc3 Nbd7 5. Bc4 Be7 6. 0-0 0-0 7. Re1 c6 8. a4 Qc7 9. Ba2 a5 10. h3 Nb8 11. Be3 Na6 12. dxe5 dxe5 13. Qe2 Bb4 14. Bg5 Nd7 15. Nh4 Re8 16. Qh5 Nf8 17. Re3 Be6 18. Rg3 Ng6 19. Nxg6 hxg6 20. Qe2 Nc5 21. Bc4 Qb6 22. Nd5 cxd5 23. exd5 Bf5 24. Be3 Qd6 25. c3 Ne4 26. cxb4 Nxg3 27. fxg3 axb4 28. b3 Red8 29. Re1 Bd7 30. Qf2 Rdc8 31. Rf1 f6 32. Qe2 Ra5 33. Kh1 Rxd5 34. Bxd5+ Qxd5 35. Rd1 Qe6 36. Qd3 Bc6 37. g4 f5 38. gxf5 gxf5 39. Bc1 Be4 40. Qg3 f4 41. Qg5 Rxc1 42. Qd8+ Kf7 43. Rxc1 Qxh3+ 44. Kg1 Qxg2# 0-1

[Event "Helsinki We I HSK op"]
[Site "Helsinki"]
[Date "2004.06.??"]
[Round "4"]
[White "Koskela, Niina"]
[Black "Pukkila, Markku"]
[Result "1-0"]
[WhiteElo "2281"]
[BlackElo "2175"]
[PlyCount "71"]
[EventDate "2004.06.12"]
[EventType "swiss"]
[EventRounds "5"]
[EventCountry "FIN"]
[SourceTitle "EXT 2007"]
[Source "ChessBase"]
[SourceDate "2006.11.23"]
[SourceVersion "1"]
[SourceVersionDate "2006.11.23"]
[SourceQuality "1"]

1. e4 c5 2. Nf3 d6 3. d4 cxd4 4. Nxd4 Nf6 5. Nc3 a6 6. Be2 e5 7. Nb3 Be7 8. Be3 Be6 9. 0-0 0-0 10. Qd2 Nbd7 11. a4 Qc7 12. a5 Rac8 13. Rfd1 Rfe8 14. Qe1 Bf8 15. Nc1 Qc6 16. Bf3 Nc5 17. Bg5 b5 18. Bxf6 gxf6 19. N1a2 Bxa2 20. Nxa2 Ne6 21. Nb4 Qb7 22. c3 Ng5 23. Qe2 Rc4 24. Nd5 Bg7 25. h4 Ne6 26. g3 Rc6 27. Bg4 Rb8 28. Qf3 Nc5 29. Bf5 Ne6 30. Qg4 Kh8 31. Nb4 Rc4 32. Rxd6 Nd4 33. Rd7 Qa8 34. cxd4 Rxb4 35. Rxf7 Rg8 36. Qh5 1-0

[Event "Helsinki We I HSK op"]
[Site "Helsinki"]
[Date "2004.06.??"]
[Round "2"]
[White "Sammalvuo, Tapani"]
[Black "Pukkila, Markku"]
[Result "1-0"]
[WhiteElo "2445"]
[BlackElo "2175"]
[PlyCount "69"]
[EventDate "2004.06.12"]
[EventType "swiss"]
[EventRounds "5"]
[EventCountry "FIN"]
[SourceTitle "EXT 2007"]
[Source "ChessBase"]
[SourceDate "2006.11.23"]
[SourceVersion "1"]
[SourceVersionDate "2006.11.23"]
[SourceQuality "1"]

1. e4 c5 2. Nf3 d6 3. d4 cxd4 4. Nxd4 Nf6 5. Nc3 a6 6. Be3 Ng4 7. Bg5 h6 8. Bh4 g5 9. Be2 Ne5 10. Bg3 Bg7 11. f3 Nbc6 12. Bf2 Be6 13. Qd2 Qa5 14. Nb3 Bxb3 15. cxb3 Rc8 16. 0-0-0 Nd7 17. Kb1 b5 18. h4 gxh4 19. f4 Bxc3 20. bxc3 b4 21. c4 Nc5 22. Bf3 Qc7 23. e5 Na5 24. exd6 Qxd6 25. Qxd6 exd6 26. Rxd6 Nab7 27. Re1+ Kf8 28. Rb6 Nd8 29. Bd4 Rg8 30. f5 Rg5 31. Rxh6 Nd7 32. Rh8+ Rg8 33. Rxg8+ Kxg8 34. Re8+ Nf8 35. Bf6 1-0

[Event "FIN-chT 0304"]
[Site "Finland"]
[Date "2004.01.10"]
[Round "6.8"]
[White "Pukkila, Markku"]
[Black "Verkasalo, Tommi"]
[Result "1-0"]
[WhiteElo "2144"]
[BlackElo "2055"]
[PlyCount "75"]
[EventDate "2003.09.06"]
[EventType "team-tourn"]
[EventRounds "9"]
[EventCountry "FIN"]
[SourceTitle "EXT 2022"]
[Source "ChessBase"]
[SourceDate "2021.10.06"]
[SourceVersion "1"]
[SourceVersionDate "2021.10.06"]
[SourceQuality "1"]
[WhiteTeam "Espoo MatSK"]
[BlackTeam "Jyvaskyla JyS"]
[WhiteTeamCountry "FIN"]
[BlackTeamCountry "FIN"]

1. e4 c5 2. Nf3 Nc6 3. d4 cxd4 4. Nxd4 g6 5. c4 Nf6 6. Nc3 d6 7. Be2 Nxd4 8. Qxd4 Bg7 9. Bg5 0-0 10. Qd2 Be6 11. Rc1 Qa5 12. f3 Rfc8 13. b3 a6 14. Na4 Qxd2+ 15. Kxd2 Nd7 16. Nc3 b5 17. Nd5 Bxd5 18. cxd5 Kf8 19. Rxc8+ Rxc8 20. Rc1 Rxc1 21. Kxc1 e6 22. dxe6 fxe6 23. Kc2 Bd4 24. Bd2 Nc5 25. Bc3 Bxc3 26. Kxc3 Ke7 27. a4 bxa4 28. b4 Nd7 29. Bxa6 Nb6 30. Bd3 g5 31. b5 h6 32. Kb4 d5 33. exd5 exd5 34. Kc5 a3 35. Bb1 Ke6 36. Kxb6 d4 37. Kc5 Ke5 38. b6 1-0

[Event "FIN-chT 0304"]
[Site "Finland"]
[Date "2003.11.16"]
[Round "5.8"]
[White "Salokangas, Hannu"]
[Black "Pukkila, Markku"]
[Result "1-0"]
[WhiteElo "2206"]
[BlackElo "2144"]
[PlyCount "91"]
[EventDate "2003.09.06"]
[EventType "team-tourn"]
[EventRounds "9"]
[EventCountry "FIN"]
[SourceTitle "EXT 2022"]
[Source "ChessBase"]
[SourceDate "2021.10.06"]
[SourceVersion "1"]
[SourceVersionDate "2021.10.06"]
[SourceQuality "1"]
[WhiteTeam "Tampere Taraus"]
[BlackTeam "Espoo MatSK"]
[WhiteTeamCountry "FIN"]
[BlackTeamCountry "FIN"]

1. c4 e5 2. g3 Nf6 3. Bg2 d5 4. cxd5 Nxd5 5. Nf3 Nc6 6. 0-0 Be7 7. Nc3 Be6 8. d3 0-0 9. a3 Qd7 10. Bd2 a5 11. Rc1 Nxc3 12. Bxc3 f6 13. Nd2 a4 14. Bxc6 bxc6 15. Ne4 Qd5 16. Bb4 Bxb4 17. axb4 Rfb8 18. Rc5 Qd7 19. Ra5 Rxa5 20. bxa5 Bh3 21. Re1 Qd5 22. Qxa4 f5 23. a6 fxe4 24. a7 Ra8 25. dxe4 Qb5 26. Qa2+ Kf8 27. Qa3+ c5 28. Rc1 Qb6 29. Rxc5 Qd6 30. Rxc7 Qxa3 31. bxa3 Bc8 32. h4 Ba6 33. Kf1 h5 34. f3 Kg8 35. Kf2 Kh7 36. Re7 Bc4 37. Ke3 Kg6 38. Rc7 Bb5 39. f4 exf4+ 40. gxf4 Ba4 41. f5+ Kh6 42. Kf4 Bd1 43. Rb7 Kh7 44. f6 Bxe2 45. fxg7 Bc4 46. g8Q+ 1-0

[Event "Helsinki op1"]
[Site "Helsinki"]
[Date "2003.??.??"]
[Round "4"]
[White "Pukkila, Markku"]
[Black "Ivanov, Sergey"]
[Result "0-1"]
[WhiteElo "2152"]
[BlackElo "2561"]
[PlyCount "126"]
[EventDate "2003.??.??"]
[EventType "swiss"]
[EventRounds "5"]
[EventCountry "FIN"]
[SourceTitle "EXT 2005"]
[Source "ChessBase"]
[SourceDate "2004.11.15"]
[SourceVersion "1"]
[SourceVersionDate "2004.11.15"]
[SourceQuality "1"]

1. d4 d5 2. c4 e6 3. g3 c5 4. cxd5 cxd4 5. Qxd4 Nc6 6. Qd1 exd5 7. Bg2 Be6 8. Nf3 Bc5 9. 0-0 Nf6 10. Nbd2 d4 11. Nb3 Bb6 12. Bg5 0-0 13. Rc1 h6 14. Bxf6 Qxf6 15. Nc5 Qe7 16. Nxe6 Qxe6 17. a3 Rfe8 18. Rc2 Rad8 19. Ne1 Rd6 20. Nd3 a5 21. b4 axb4 22. axb4 Qf5 23. Qd2 Qb5 24. Rfc1 Re7 25. Bf3 Kh7 26. Rc4 Ne5 27. Nxe5 Qxe5 28. Qd3+ g6 29. Rc8 Rdd7 30. Ra1 Rc7 31. Raa8 Rxc8 32. Rxc8 h5 33. h4 Kg7 34. Kg2 Qd6 35. b5 Bc5 36. Qc4 b6 37. Qd3 Qe5 38. Ra8 Re6 39. Ra7 Rf6 40. Qe4 Qxe4 41. Bxe4 d3 42. exd3 Rxf2+ 43. Kh3 Kf8 44. Bd5 f5 45. Rb7 Rd2 46. Rf7+ Ke8 47. Rg7 Bg1 48. Bg2 f4 49. Rxg6 f3 50. g4 Rxg2 51. gxh5 Rxg6 52. hxg6 Be3 53. h5 Kf8 54. Kg3 f2 55. Kg2 Kg7 56. Kf1 Kh6 57. Ke2 Bd4 58. Kf1 Kxh5 59. g7 Bxg7 60. Kxf2 Kg4 61. Ke3 Kf5 62. d4 Ke6 63. Ke4 Kd6 0-1

[Event "Turku We TuTS"]
[Site "Turku"]
[Date "2003.??.??"]
[Round "2"]
[White "Pukkila, Markku"]
[Black "Luukkonen, Tommi"]
[Result "0-1"]
[WhiteElo "2150"]
[BlackElo "2081"]
[PlyCount "114"]
[EventDate "2003.??.??"]
[EventType "swiss"]
[EventRounds "5"]
[EventCountry "FIN"]
[SourceTitle "EXT 2022"]
[Source "ChessBase"]
[SourceDate "2021.10.06"]
[SourceVersion "1"]
[SourceVersionDate "2021.10.06"]
[SourceQuality "1"]

1. e4 c5 2. Nf3 Nc6 3. d4 cxd4 4. Nxd4 Qb6 5. Nb3 e6 6. Be3 Qc7 7. Bd3 Nf6 8. Nc3 a6 9. a4 Bb4 10. Bd2 Bd6 11. h3 0-0 12. 0-0 Bh2+ 13. Kh1 Bf4 14. a5 Bxd2 15. Qxd2 d5 16. exd5 exd5 17. Rfe1 Be6 18. Ne2 Ne4 19. Bxe4 dxe4 20. Qf4 Qxf4 21. Nxf4 Bxb3 22. cxb3 f5 23. Ne6 Rfc8 24. Red1 Kf7 25. Nd4 Nxd4 26. Rxd4 Rc2 27. Kg1 Re8 28. Re1 Rxb2 29. Rd7+ Re7 30. Rxe7+ Kxe7 31. f3 Rxb3 32. fxe4 f4 33. Rc1 Kd6 34. Rd1+ Kc6 35. e5 Re3 36. Rc1+ Kd7 37. Rb1 Kc7 38. Rc1+ Kb8 39. Rc5 b6 40. axb6 Kb7 41. Rc7+ Kxb6 42. Rxg7 a5 43. Rxh7 a4 44. Rf7 a3 45. Rxf4 a2 46. Ra4 Re1+ 47. Kf2 a1Q 48. Rxa1 Rxa1 49. g4 Kc5 50. Kg3 Kd5 51. Kf4 Rf1+ 52. Kg5 Kxe5 53. h4 Ke6 54. Kg6 Rf6+ 55. Kh5 Kf7 56. g5 Rf4 57. g6+ Kf6 0-1

[Event "Vantaa We Hm93 op"]
[Site "Vantaa"]
[Date "2003.??.??"]
[Round "2"]
[White "Pukkila, Markku"]
[Black "Veingold, Aleksandr"]
[Result "0-1"]
[WhiteElo "2152"]
[BlackElo "2480"]
[PlyCount "96"]
[EventDate "2003.??.??"]
[EventType "swiss"]
[EventRounds "5"]
[EventCountry "FIN"]
[SourceTitle "EXT 2005"]
[Source "ChessBase"]
[SourceDate "2004.11.15"]
[SourceVersion "1"]
[SourceVersionDate "2004.11.15"]
[SourceQuality "1"]

1. e4 c5 2. Nf3 Nc6 3. d4 cxd4 4. Nxd4 Nf6 5. Nc3 d6 6. Bg5 e6 7. Qd2 a6 8. 0-0-0 Bd7 9. f4 b5 10. Nf3 b4 11. Bxf6 Qxf6 12. Ne2 Qd8 13. Ned4 Qb6 14. g4 Be7 15. Kb1 Rc8 16. h4 Nxd4 17. Nxd4 0-0 18. g5 a5 19. Bh3 Rfe8 20. h5 a4 21. g6 a3 22. gxf7+ Kxf7 23. b3 Qc5 24. Nf3 Qc3 25. Qxc3 Rxc3 26. Ng5+ Bxg5 27. fxg5 Ke7 28. Rd3 Rxd3 29. cxd3 Bb5 30. Kc2 Rf8 31. Rf1 Rxf1 32. Bxf1 h6 33. gxh6 gxh6 34. Kd2 Kf6 35. e5+ dxe5 36. Ke3 Bc6 37. Be2 Bd5 38. Bd1 Kg5 39. Kf2 Kf4 40. Bc2 e4 41. dxe4 Bxe4 42. Bd1 Bd3 43. Ke1 Ke3 44. Bg4 e5 45. Be6 e4 46. Bf5 Bc2 47. Be6 Kd3 48. Bf5 Bb1 0-1

[Event "Espoo We MatSK 8th"]
[Site "Espoo"]
[Date "2003.??.??"]
[Round "4"]
[White "Tocklin, Tomi"]
[Black "Pukkila, Markku"]
[Result "0-1"]
[WhiteElo "2041"]
[BlackElo "2152"]
[PlyCount "44"]
[EventDate "2003.??.??"]
[EventType "swiss"]
[EventRounds "5"]
[EventCountry "FIN"]
[SourceTitle "EXT 2005"]
[Source "ChessBase"]
[SourceDate "2004.11.15"]
[SourceVersion "1"]
[SourceVersionDate "2004.11.15"]
[SourceQuality "1"]

1. e4 c5 2. Nf3 a6 3. c3 b5 4. d4 cxd4 5. cxd4 Bb7 6. Bd3 Nf6 7. e5 Nd5 8. a3 e6 9. 0-0 Be7 10. Nbd2 0-0 11. Ne4 Nc6 12. Bg5 f6 13. exf6 Nxf6 14. Re1 Nxe4 15. Bxe7 Nxf2 16. Bxh7+ Kh8 17. Bxd8 Nxd1 18. Raxd1 Kxh7 19. Bc7 Rac8 20. Bd6 Rf5 21. Ne5 Nxe5 22. Rxe5 Rc2 0-1

[Event "Olympiad-35"]
[Site "Bled"]
[Date "2002.10.31"]
[Round "6.4"]
[White "Greenidge, Kevin"]
[Black "Pukkila, Markku"]
[Result "0-1"]
[WhiteElo "2055"]
[BlackElo "2150"]
[PlyCount "78"]
[EventDate "2002.10.26"]
[EventType "team-swiss"]
[EventRounds "14"]
[EventCountry "SLO"]
[SourceTitle "EXT 2003"]
[Source "ChessBase"]
[SourceDate "2002.11.25"]
[SourceVersion "1"]
[SourceVersionDate "2002.11.25"]
[SourceQuality "1"]
[WhiteTeam "Barbados"]
[BlackTeam "IPCA"]
[WhiteTeamCountry "BAR"]

1. d4 d5 2. c4 dxc4 3. e3 e5 4. Nf3 exd4 5. Nxd4 c5 6. Nb5 a6 7. Qxd8+ Kxd8 8. N5c3 Be6 9. a4 Nc6 10. Be2 Nf6 11. Na3 Ne5 12. 0-0 Kc7 13. f4 Nc6 14. f5 Bd7 15. Nxc4 Re8 16. e4 Nxe4 17. Bf4+ Kd8 18. Nd5 Nd6 19. Bxd6 Rxe2 20. Bc7+ Ke8 21. Rae1 Nd4 22. Nc3 Rxe1 23. Rxe1+ Be7 24. f6 gxf6 25. Nd6+ Kf8 26. Nxb7 Rg8 27. Rxe7 Kxe7 28. Nd5+ Ke6 29. Nf4+ Kf5 30. g3 Ne6 31. Nd6+ Ke5 32. Ne8+ Nxc7 33. Nxc7 Bc8 34. Ncd5 Rd8 35. Ne3 Be6 36. Nc2 Rd1+ 37. Kf2 Rd2+ 38. Ke3 Rxc2 39. h4 Bc4 0-1